<?xml version="1.0" encoding="UTF-8"?>
<collection xmlns="http://www.loc.gov/MARC21/slim">
 <record>
  <leader>01241nam a22002177a 4500</leader>
  <controlfield tag="001">NCT_120452</controlfield>
  <controlfield tag="008">220303b        xxu||||| |||| 00| 0 vie d</controlfield>
  <datafield tag="999" ind1=" " ind2=" ">
   <subfield code="c">6162</subfield>
   <subfield code="d">6162</subfield>
  </datafield>
  <datafield tag="022" ind1=" " ind2=" ">
   <subfield code="a">0866-7120</subfield>
  </datafield>
  <datafield tag="041" ind1="0" ind2=" ">
   <subfield code="a">vie</subfield>
  </datafield>
  <datafield tag="082" ind1="0" ind2="4">
   <subfield code="2">23rd ed.</subfield>
   <subfield code="a">330</subfield>
   <subfield code="b">K312T</subfield>
  </datafield>
  <datafield tag="245" ind1="0" ind2="0">
   <subfield code="a">Kinh tế và dự báo = </subfield>
   <subfield code="b">Economy and forecast review</subfield>
   <subfield code="n">Số 18</subfield>
   <subfield code="c">Bộ Kế hoạch và đầu tư</subfield>
  </datafield>
  <datafield tag="260" ind1=" " ind2=" ">
   <subfield code="a">H.</subfield>
   <subfield code="b">Bộ Kế hoạch và đầu tư</subfield>
   <subfield code="c">2019</subfield>
  </datafield>
  <datafield tag="300" ind1=" " ind2=" ">
   <subfield code="c">29 cm</subfield>
  </datafield>
  <datafield tag="310" ind1=" " ind2=" ">
   <subfield code="a">Tháng 2 kỳ</subfield>
  </datafield>
  <datafield tag="362" ind1=" " ind2=" ">
   <subfield code="a">06/2019</subfield>
  </datafield>
  <datafield tag="520" ind1="3" ind2=" ">
   <subfield code="a">Số này nói về Chuyển dịch cơ cấu ngành kinh tế vùng Đồng bằng  sông Cửu Long trong điều kiện biến đổi khí hậu; Đánh giá chất lượng tăng trưởng vùng kinh tế trọng điểm phía Nam: Cách tiếp cận nhân tố năng suất tổng hợp; Nghiên cứu áp dụng khung sinh kế nhằm phát triển bền vững du lịch công cộng;...</subfield>
  </datafield>
  <datafield tag="655" ind1=" " ind2=" ">
   <subfield code="a">Tạp chí</subfield>
  </datafield>
  <datafield tag="942" ind1=" " ind2=" ">
   <subfield code="2">ddc</subfield>
   <subfield code="c">CR</subfield>
  </datafield>
  <datafield tag="952" ind1=" " ind2=" ">
   <subfield code="0">0</subfield>
   <subfield code="1">0</subfield>
   <subfield code="2">ddc</subfield>
   <subfield code="4">0</subfield>
   <subfield code="6">330_000000000000000_K312T</subfield>
   <subfield code="7">0</subfield>
   <subfield code="9">23674</subfield>
   <subfield code="a">000001</subfield>
   <subfield code="b">000001</subfield>
   <subfield code="d">2022-05-09</subfield>
   <subfield code="o">330 K312T</subfield>
   <subfield code="r">2022-05-09</subfield>
   <subfield code="w">2022-05-09</subfield>
   <subfield code="y">CR</subfield>
  </datafield>
  <datafield tag="980" ind1=" " ind2=" ">
   <subfield code="a">Thư viện Trường Đại học Nam Cần Thơ</subfield>
  </datafield>
 </record>
</collection>
